Statistics for American History by Letter - E

Click here to take the quiz!

General Stats

  • This quiz has been taken 361 times
  • The average score is 8 of 15

Answer Stats

QuestionAnswer% Correct
President known as "Ike"Eisenhower
99%
Famous immigration station in New YorkEllis Island
90%
First aviatrix to complete a nonstop transatlantic flightEarhart
88%
This canal ran between Albany and BuffaloErie
86%
The popular vote doesn't elect the president, this doesElectoral College
78%
What the 'E' in 'VE Day' stands forEurope
70%
"Wizard of Menlo Park"Edison
69%
This controversial idea is reviewed in the Scopes Monkey TrialEvolution
67%
One half of the Rosenberg'sEthel
59%
The de factor leader of the transcendentalist movementEmerson
29%
Group that eliminates discrimination in hiringEEOC
21%
Freed slaves in confederate statesEmancipation Proclamation
21%
Important theologian who spearheaded Great AwakeningEdwards
20%
Civil rights activist killed the day of JFK's civil rights addressEvers
20%
This is the first American satellite to be lostExporer I
4%

Score Distribution

Percentile by Number Answered

Percent of People with Each Score

Your Score History

You have not taken this quiz